1898 1081 1938 1288 1641 1420 1397 1285 1940 1033 1731 1376 1213 1713 1564 1136 1205 1632 1559 1442 1640 1549 1031 1209 1860 1184 1969 1829 1107 1843 1379 1134 1195 1727 1686 1955 1030 1364 1336 1032 1816 1785 1779 1967 1154 1559 1788 1118 1459 1737 1014 1471 1193 1106 1409 1725 1356 1009 1123 1021 1785 1813 1273 1555 1776 1878 1983 1835 1184 1705 1079 1818 1941 1571 1803 1342 1172 1159 1085 1178 1005 1652 1405 1163 1426 1182 1298 1942 1827 1303 1105 1216 1800 1724 1090 1746 1958 1083 1884 BCNSPRNW ULIB Ver.6.0+V

เปลี่ยนเป็นภาษาไทย

Change to English
 แสดงรายละเอียดบรรณานุกรม
  กลับหน้าหลัก

Brief Record : Get Marc (ISO 2709) : E-mail record : QR code < ปิดหน้าต่าง
LEADER : 00000nam 2200000uu 4500
001    13399126797
003     ULIB
008    190306s2561||||th 000 0 tha d
020    ^a9786168145098
050    ^aนว^bจ158จ
100    ^aจรสจันทร์
245    ^aจันทร์กระจ่างฟ้า ซีรีส์ชุดสี่ดรุณี/^cจรสจันทร์
260    ^aกรุงเทพฯ :^bบางรักษ์,^c2561
300    ^a480 หน้า;^b26 ซม.
650    ^aนวนิยาย
945    ^p340^l0^i27292
999    ^aกัณชพร จุลอักษร
รายการนี้ยังไม่มีแท็ก
คุณยังไม่ได้ล็อกอิน คุณสามารถมีกิจกรรมร่วมกับเว็บไซต์ได้ แต่ต้องล็อกอินก่อน ::
  ล็อกอิน

รายการสื่อสารสนเทศ

ลำดับที่ ประเภท เลขเรียก/บาร์โค้ด สถานที่ สถานะ
1. วิทยาศาสตร์การแพทย์ และสุขภาพ
วิทยาศาสตร์การแพทย์ และสุขภาพ
นว จ158จ ฉ.1 
  Barcode: 27292
ห้องสมุดวิทยาเขตสวรรค์ประชารักษ์
►นวนิยาย
บนชั้น
  ขอยืม

รายการใกล้เคียง
    ผู้แต่ง [จรสจันทร์]

    หัวเรื่อง [นวนิยาย]

BibComment


ยังไม่เคยถูกคอมเมนท์

คอมเมนท์ทรัพยากรรายการนี้
  คอมเมนท์: จันทร์กระจ่างฟ้า..


 Copyright 2026. Bcnsprnw @Library